000 01308cam a2200217 4500
001 ABS67999
008 040721n2004 000 0 eng u
035 _a(Sirsi) u126891
100 _aMinogue, A.
245 _aReturn to sender
260 _c2004
490 _aBuilding
_v269(8338) 25 June 2004, 57(1)
520 _aDiscusses the position of construction industry clients who have been informed by their professional advisors that the advisors have been turned into a Limited Liability Partnership (LLP). Argues that many clients have never heard of LLP's or know what they do. They are in fact an alternative corporate vehicle established by the Limited Liability Partnership Act 2000. They allow professional partners to incorporate so that partners can obtain the benefit of limited liability without having to give up management control and responsibility. Recommends that clients receiving a notice from their advisers should not sign it to replace existing agreements but concedes that for appointments working on new topics there is probably little choice but to sign.
590 _aABS
590 _aABS
650 _aCONSTRUCTION INDUSTRY
650 _aLIMITED LIABILITY PARTNERSHIPS
650 _aPROFESSIONAL PARTNERSHIPS
690 _aBusiness and management
_96226
942 _n0
999 _c117745
_d117745